000 01275nam0a22003251 4500
001 v19\rc\1706121
005 20250619032326.0
035 _a(NLR Aleph) 004806997
090 _a4888348
_c4888348
100 _a20061002d1899 |||y0rusy50 ca
101 0 _arus
102 _aRU
105 _ay z |||||
200 1 _aСвинцовые пластинки (пломбы) с условными знаками церковных праздников
_eС прил. 2 табл.
_fК.В. Болсуновский
_gЛубен. музей Е.Н. Скаржинской. Ист. отд.
210 _aМосква
_cт-во скоропеч. А.А. Левенсон
_d1899
215 _a12 с.
_d34
309 _aТабл. отсутствуют
532 1 3 _aСвинцовые пластинки пломбы с условными знаками церковных праздников
700 1 _aБолсуновский
_bК.В.
_f1838-
_gКарл Васильевич
801 0 _aRU
_bNLR
_gpsbo
801 0 _aRU
_bRuMoRGB
_2psbo
801 1 _aRU
_bProSoft-M
_2rusmarc
852 _aNLR
_j19.115.1.92
899 _aRuMoRGB
_jJ 41/6
899 _aRuMoRGB
_jU 325/398
899 _aRuMoRGB
_jРб 1/1331
899 _aБАН
899 _aГПИБ
942 _cBOOK
980 _aNB